00376nam a2200133Ia 4500003000400000008004100004020002700045040000800072100001500080245009600095260002400191300001500215365001200230LDD181029s9999 xx 000 0 und d a9781609605018c180.00 cLDD aBak, Ozlem 0aImpact of e-business technologies on public and private oranizationsbindustry ccOzlem Bak aHersheybBISRc2011 axix, 344p. b180.00